ARRUPE JESUIT UNIVERSITY

CORONAVIRUS -STOP THE SPREAD - CLEAN,DISINFECT,COVER

Two essays on analytical psychology (Record no. 39097)

MARC details
000 -LEADER
fixed length control field 00560nam a2200229Ia 4500
003 - CONTROL NUMBER IDENTIFIER
control field 0100
005 - DATE AND TIME OF LATEST TRANSACTION
control field 20181120105938.0
008 - FIXED-LENGTH DATA ELEMENTS--GENERAL INFORMATION
fixed length control field 130303s9999 xx 000 0 und d
020 ## - INTERNATIONAL STANDARD BOOK NUMBER
International Standard Book Number 0691017824
040 ## - CATALOGING SOURCE
Transcribing agency ARRUPELIB
050 ## - LIBRARY OF CONGRESS CALL NUMBER
Classification number BF315.J8 1966
300 ## - PHYSICAL DESCRIPTION
Dimensions 22cm.
100 ## - MAIN ENTRY--PERSONAL NAME
Personal name Jung, Carl Gustav
9 (RLIN) 25814
245 ## - TITLE STATEMENT
Title Two essays on analytical psychology
Statement of responsibility, etc C.G. Jung
250 ## - EDITION STATEMENT
Edition statement 2nd ed.
260 ## - PUBLICATION, DISTRIBUTION, ETC. (IMPRINT)
Place of publication, distribution, etc Princeton
Name of publisher, distributor, etc Princeton University Press
Date of publication, distribution, etc 1956
300 ## - PHYSICAL DESCRIPTION
Extent xi, 349p. ;
440 ## - SERIES STATEMENT/ADDED ENTRY--TITLE
Title Bollingen Series xx
9 (RLIN) 43530
700 ## - ADDED ENTRY--PERSONAL NAME
Personal name Hull , R.F.C. (tr.)
9 (RLIN) 43531
942 ## - ADDED ENTRY ELEMENTS (KOHA)
Source of classification or shelving scheme Library of Congress Classification
Koha item type Monograph ( Printed materials)
Holdings
Withdrawn status Lost status Source of classification or shelving scheme Damaged status Not for loan Collection code Home library Current library Shelving location Date acquired Total Checkouts Full call number Barcode Date last seen Copy number Price effective from Koha item type
    Library of Congress Classification     Main Collection ARRUPE LIBRARY ARRUPE LIBRARY Main Collection 04/03/2013   BF315.J8 1966 46600002612 13/09/2016 1 04/03/2013 Monograph ( Printed materials)
    Library of Congress Classification     Main Collection ARRUPE LIBRARY ARRUPE LIBRARY Main Collection 04/03/2013   BF315.J8 1956 46003003799 12/09/2016 2 04/03/2013 Monograph ( Printed materials)

 

Arrupe Library. PO Box MP320 Mt Pleasant, Harare, Zimbabwe
263 242 745411|librarian@aju.ac.zw